000 00753nam a22002297a 4500
005 20170124110002.0
010 _aA-760249
020 _c00.00
_a8185402647
035 _aA-760249
037 _bCen Lib/Ret
040 _aDPL
_bEN
082 _a362.29
_bAGA
100 _aAgarwal, Rashmi
_916028
245 _aDrug abuse :
_cby Rashmi Agarwal
_bsocio-psychological perspetives and intervention strategies /
260 _aNew Delhi
_bShipra Publications
_c1995
270 _a115-A, Vikas Marg, Shakarpur
_bNew Delhi
_e110092
300 _a205p. :
_c21cm(Hb)
_bill
500 _aIncludes bibliographical references and index.
650 _aDrug Abuse
_916029
650 _aDrug Trafficking
_916030
942 _2ddc
_cEN
_h362.29
_mAGA
999 _c125935
_d125935